000 01253nam a2200313Ia 4500
001 ebr10196304
003 CaPaEBR
006 m u
007 cr cn|||||||||
008 070529s2008 nyua sbf 001 0 eng d
010 _z 2007022376
020 _z9781933864112 (pbk. : alk. paper)
020 _z1933864117 (pbk. : alk. paper)
040 _aCaPaEBR
_cCaPaEBR
035 _a(OCoLC)173958601
050 1 4 _aRC386.6.E43
_bH36 2008eb
082 0 4 _a616.8/047547
_222
245 0 0 _aHandbook of EEG interpretation
_h[electronic resource] /
_cWilliam O. Tatum IV ... [et al.].
260 _aNew York :
_bDemos Medical Pub.,
_cc2008.
300 _aix, 276 p. :
_bill.
504 _aIncludes bibliographical references and index.
533 _aElectronic reproduction.
_bPalo Alto, Calif. :
_cebrary,
_d2009.
_nAvailable via World Wide Web.
_nAccess may be limited to ebrary affiliated libraries.
650 0 _aElectroencephalography
_vHandbooks, manuals, etc.
650 0 _aBrain
_xDiseases
_xDiagnosis.
655 7 _aElectronic books.
_2local
700 1 _aTatum, William O.
710 2 _aebrary, Inc.
856 4 0 _uhttp://site.ebrary.com/lib/rucke/Doc?id=10196304
_zAn electronic book accessible through the World Wide Web; click to view
999 _c215602
_d215602